00455ntaaa2200169 45000030003000000050017000030080021000200400037000410820017000781000031000952450031001262500039001573000011001965000043002076500016002506500019002660120251027201314.00714s1973 ag 01  aAR-BaBNbspacAR-BaBNeaacrdRIC a222.0000 Si5 aSimpson, Cuthberth Aikman  aEarly traditions of Israel a1 ed. : bBasil Blackwell, cc1948 a677 p. a"A critical analysis of the Hexateuch" aBiblia-A.T. aA.T.-Hexateuch